000
00410nam a22001697a 4500
003
MPLRDC
005
20220104144142.0
008
210129b ||||| |||| 00| 0 eng d
082
_a
307.9 YDH
100
_a
姚德鸿
245
_a
孙小空漫游人体王国
_c
250
_a
初版
260
_a
_b
科学普及出版社
_c
1980
300
_b
平
650
_a
通俗科学故事
942
_c
BK
_o
307.9 YDH
999
_c
46886
_d
46876